1001 Tips para programar con Java / (Record no. 114)

MARC details
000 -CABECERA
campo de control de longitud fija 00949nam a2200253 a 4500
005 - FECHA Y HORA DE LA ÚLTIMA TRANSACCIÓN
campo de control 20210223120408.0
008 - ELEMENTOS DE LONGITUD FIJA--INFORMACIÓN GENERAL
campo de control de longitud fija 991125s1998 mx 000 0 spa u
020 ## - NÚMERO INTERNACIONAL NORMALIZADO PARA LIBROS
Número Internacional Estándar del Libro 9701017625
035 ## - NÚMERO DE CONTROL DEL SISTEMA
Número de control de sistema UPN01000000114
049 ## - COLECCIÓN
Colección CG
050 #4 - SIGNATURA TOPOGRÁFICA DE LA BIBLIOTECA DEL CONGRESO
Número de clasificación QA76.73 J3.8
Número de documento/Ítem G7.5
100 1# - ASIENTO PRINCIPAL--NOMBRE PERSONAL
Nombre de persona Griffith, Steven W.
245 10 - MENCIÓN DE TÍTULO
Título 1001 Tips para programar con Java /
Mención de responsabilidad, etc. Steven W. Griffith, Mark C. Chan, Anthony F. Isai ; tr. Mario Adolfo Camou Riveroll.
260 ## - PUBLICACIÓN, DISTRIBUCIÓN, ETC.
Lugar de publicación, distribución, etc. México :
Nombre del editor, distribuidor, etc. McGraw Hill Interamericana,
Fecha de publicación, distribución, etc. 1998.
300 ## - DESCRIPCIÓN FÍSICA
Extensión 1 v. (sin pág.) :
Otras características físicas il. + 1 disco óptico de computador ; 4 3/4 plg.
500 ## - NOTA GENERAL
Nota general "Incluye un CD-ROM para Windows 95, Mac y Unix"
506 ## - NOTA DE RESTRICCIONES AL ACCESO
Limitaciones de acceso Solicítalo en: Documentación
534 ## - NOTA SOBRE LA VERSIÓN ORIGINAL
Frase introductoria Traducción de:
Mención de título del original 1001 Java programmer's tips
650 #4 - ASIENTO SECUNDARIO DE MATERIA - TERMINO TEMATICO
Término de materia o nombre geográfico como elemento de entrada JAVA (LENGUAJE DE PROGRAMACION PARA COMPUTADORA)
9 (RLIN) 7523
650 #4 - ASIENTO SECUNDARIO DE MATERIA - TERMINO TEMATICO
Término de materia o nombre geográfico como elemento de entrada MICROSOFT VISUAL J++
700 1# - ASIENTO SECUNDARIO--NOMBRE DE PERSONAL
Nombre de persona Chan, Mark C.,
Término indicativo de función/relación coaut.
700 1# - ASIENTO SECUNDARIO--NOMBRE DE PERSONAL
Nombre de persona Isai, Anthony F.,
Término indicativo de función/relación coaut.
905 ## - TIPO DE MATERIAL
Tipo de material Libro
Holdings
Estado de retiro Estado de pérdida Fuente del sistema de clasificación o colocación Estado dañado No para préstamo Código de colección Localización permanente Ubicación/localización actual Ubicación en estantería Total de préstamos Clasificación Código de barras Fecha visto por última vez Número de copia Tipo de ítem Koha Fecha de adquisición Precio válido a partir de Nota pública
    Library of Congress Classification     Colección General Bib. Gregorio Torres Quintero Bib. Gregorio Torres Quintero Planta baja 1 QA76.73 J3.8 G7.5 163554 31/12/2020 1 Libro      
    Library of Congress Classification     Colección General Bib. Gregorio Torres Quintero Bib. Gregorio Torres Quintero Planta baja 7 QA76.73 J3.8 G7.5 163556 15/10/2021 1 Libro      
    Library of Congress Classification     Colección General Bib. Gregorio Torres Quintero Bib. Gregorio Torres Quintero Planta baja 5 QA76.73 J3.8 G7.5 163555 31/12/2020 1 Libro      
    Library of Congress Classification     Materiales complementarios y otros recursos electrónicos  Bib. Gregorio Torres Quintero Bib. Gregorio Torres Quintero Mostrador de préstamo Planta baja   QA76.73 J3.8 G7.5 337467 23/02/2024 Ej. 2 Disco Compacto 23/02/2024 23/02/2024 Solicítalo en el mostrador de préstamo
    Library of Congress Classification     Materiales complementarios y otros recursos electrónicos  Bib. Gregorio Torres Quintero Bib. Gregorio Torres Quintero Mostrador de préstamo Planta baja   QA76.73 J3.8 G7.5 337471 23/02/2024 Ej. 3 Disco Compacto 23/02/2024 23/02/2024 Solicítalo en el mostrador de préstamo